Foreign WWE Wrestlers by Picture - Statistics

General Stats
  • This quiz has been taken 151 times
  • The average score is 9 of 16
Answer Stats
Picture Answer % Correct
Becky Lynch
98%
Finn Balor
89%
Shinsuke Nakamura
89%
Asuka
85%
Kofi Kingston
85%
Andrade
75%
Jinder Mahal
75%
Rhea Ripley
68%
Walter
64%
Santino Marella
57%
Dakota Kai
52%
Billie Kay
48%
Kyle O'Reilly
27%
Zack Gibson
12%
James Drake
10%
Taynara Conti
9%
No matching quizzes found
Score Distribution
Percent of People with Each Score
Percentile by Number Answered
Your Score History
You have not taken this quiz